The sword of Elisha: (Record no. 6436)

MARC details
000 -LEADER
fixed length control field 00497nam a22001697a 4500
003 - CONTROL NUMBER IDENTIFIER
control field GBCCL
005 - DATE AND TIME OF LATEST TRANSACTION
control field 20241126110603.0
008 - FIXED-LENGTH DATA ELEMENTS--GENERAL INFORMATION
fixed length control field 180514b ||||| |||| 00| 0 eng d
040 ## - CATALOGING SOURCE
Transcribing agency gbc
082 ## - DEWEY DECIMAL CLASSIFICATION NUMBER
Classification number 813.54
Item number PRI
100 ## - MAIN ENTRY--PERSONAL NAME
Personal name Pritchard, Elizabeth
9 (RLIN) 11534
245 ## - TITLE STATEMENT
Title The sword of Elisha:
Remainder of title Period: c,850 - 750 B.C. /
Statement of responsibility, etc. Elizabeth Pritchard
260 ## - PUBLICATION, DISTRIBUTION, ETC.
Name of publisher, distributor, etc. Masihi Sahitya Sanstha,
Place of publication, distribution, etc. New Delhi:
Date of publication, distribution, etc. 1963
300 ## - PHYSICAL DESCRIPTION
Extent 242 p.;
Dimensions 18 cm.
650 ## - SUBJECT ADDED ENTRY--TOPICAL TERM
Topical term or geographic name entry element Elisha, the Prophet
General subdivision Fiction
9 (RLIN) 11535
942 ## - ADDED ENTRY ELEMENTS (KOHA)
Source of classification or shelving scheme Dewey Decimal Classification
Koha item type Books
Holdings
Withdrawn status Lost status Source of classification or shelving scheme Damaged status Not for loan Home library Current Library Shelving location Date acquired Total checkouts Full call number Barcode Date last seen Copy number Price effective from Koha item type
    Dewey Decimal Classification     GRACE BIBLE COLLEGE GRACE BIBLE COLLEGE General Studies 2018-05-14   813.54 PRI 003566 2025-05-01 c.1 2018-05-14 Books
© Grace Bible College Library 2025